Statystyki dla BĘDĄC NA BIWAKU NAJCZĘŚCIEJ TĘSKNIMY ZA

Kliknij tutaj aby rozwiązać quiz!

Ogólne statystyki

  • Ten quiz został rozwiązany 8 razy
  • Średni wynik to 2 z 6

Statystyki odpowiedzi

Odpowiedź% Poprawnych
KOMPUTEREM
60%
PRYSZNICEM
60%
ŁÓŻKIEM
40%
TOALETĄ
20%
TV
20%
PRĄDEM
0%

Rozkład punktacji

Percentyl według liczby udzielonych odpowiedzi

Procent ludzi z każdym wynikiem

Twoja historia wyników

Nie rozwiązałeś tego quizu